[Event "MPL 35th National U-20 Girls Chess-ch 20"]
[Site "Haryana"]
[Date "2022.03.10"]
[Round "4.1"]
[White "Tanishka Kotia"]
[Black "Priyanka Nutakki"]
[Result "1/2-1/2"]
[WhiteElo "1849"]
[BlackElo "2301"]
[Annotator "TA"]
[PlyCount "112"]
[EventDate "2022.03.09"]
[EventCountry "IND"]
[SourceTitle "playchess.com"]
[Source "ChessBase"]
[SourceQuality "1"]

{[%evp 17,112,-22,-15,-28,-1,-11,-6,-24,-25,-19,-19,-20,0,0,0,0,0,-10,0,0,22,0,0,0,13,0,30,22,46,43,45,30,22,10,21,5,17,0,0,0,0,0,0,0,0,0,0,0,0,0,10,3,3,0,0,0,0,0,0,0,51,54,54,54,54,54,58,43,61,52,92,0,0,5,8,8,8,24,67,-8,91,91,91,46,91,91,91,91,91,91,106,91,91,91,91,91,91]} 1. e4 e6 {[%cal Be7e6,Be6d5][%mdl 32]} 2. d4 d5 3. exd5 exd5 4. c4 Nf6 5. Nc3 Bb4 6. Nf3 O-O 7. Be2 dxc4 8. Bxc4 Bg4 9. O-O $1 {9.0-0 is better than 9.Be3.} Nc6 10. Be3 {C01: French: Exchange Variation.} Qd7 11. Be2 Rfe8 12. Qb3 {[#] d5 is the strong threat. The position is equal.} Bxc3 $146 ({Predecessor:} 12... Rad8 13. Rac1 Bd6 14. Rfd1 a6 15. a3 b5 16. Qc2 Na5 17. b4 Nc4 18. Bxc4 Bxf3 {0-1 (30) Zentai,G (2075)-Sebestyen,B (2000) Paks 1999}) 13. bxc3 Nd5 14. Rae1 Na5 15. Qa3 Bxf3 16. Bxf3 b6 17. Bc1 c6 18. Be2 Nc7 19. Be3 Nd5 {[%cal Bc7d5,Bd5f6,Bf6e4][%mdl 32]} 20. Bc1 Nf6 21. Be3 Qe6 22. Qa4 {Prevents Nc4.} Ne4 23. Qc2 Nd6 24. Bd3 h6 25. Bd2 Qd5 26. Rxe8+ Rxe8 27. Re1 Rxe1+ 28. Bxe1 Qe6 29. Qe2 Qxe2 30. Bxe2 $11 {[%mdl 4096] Endgame KBB-KNN} Kf8 31. f4 Ke7 32. Kf2 Ndc4 33. g4 Kd6 34. Kf3 b5 35. Ke4 Nb6 36. g5 Nd5 37. gxh6 gxh6 38. f5 Nf6+ (38... Nc4 $11) 39. Kd3 $14 Nc4 40. Bg3+ $1 Kd7 41. Bf4 Ng8 $1 42. Bf3 Nd6 43. d5 {White is more active.} (43. Bg2 {seems wilder.} Nc4 44. Bh3 Nb2+ 45. Kc2 Nc4 46. Kb3) 43... cxd5 {[#]} 44. Bxd5 {This bishop pair is nice.} (44. Kd4 $1 $16) 44... Ne7 $11 45. Bxd6 Kxd6 46. Bxf7 {Black must now prevent f6.} Nxf5 {KB-KN} 47. Ke4 Ne7 (47... Nh4 $1 $11) 48. c4 (48. h4 $14) 48... bxc4 (48... b4 $1 $11) 49. Bxc4 $16 Nc6 50. Kf5 ({White should try} 50. Bb3 $16) 50... Ke7 (50... Nd4+ $14 51. Kf6 Nf3) 51. Bd5 {White is better.} Nb4 52. Bb3 h5 53. h4 Kf8 54. Kg6 a5 55. a3 (55. Kxh5 a4) 55... Nc6 56. Kxh5 {Strongly threatening Kh6.} Kg7 {Weighted Error Value: White=0.11 (very precise) /Black=0.13 (very precise)} 1/2-1/2

[Event "MPL 35th National U-20 Girls Chess-ch 20"]
[Site "Haryana"]
[Date "2022.03.10"]
[Round "4.2"]
[White "Lakshmi C"]
[Black "Bristy Mukherjee"]
[Result "1-0"]
[WhiteElo "1968"]
[BlackElo "1856"]
[Annotator "TA"]
[PlyCount "81"]
[EventDate "2022.03.09"]
[EventCountry "IND"]
[SourceTitle "playchess.com"]
[Source "ChessBase"]
[SourceQuality "1"]

{[%evp 9,80,-31,-24,-26,-20,-25,-22,-35,0,0,21,23,41,36,40,48,105,97,93,39,29,8,25,30,27,35,80,89,197,206,309,281,391,380,454,322,317,339,378,372,446,378,389,355,666,638,1275,1240,29981,29981,29989,29990,29990,29991,29991,29992,29992,29993,29993,29990,29990,29990,29990,29990,29990,0,29990,29989,29997,29998,29998,29999,29999]} 1. e4 b6 2. d4 Bb7 3. Nc3 e6 4. f4 Nf6 5. Bd3 Bb4 {White should prevent ...Nxe4.} 6. Qe2 {B00: Queen's Fianchetto Defence, Nimzowitsch Defence.} c5 7. dxc5 bxc5 {[%cal Oc5c4] Black wants to play ...c4!} 8. e5 {The position is equal.} Nd5 (8... c4 $5 9. Bxc4 (9. exf6 Qxf6 10. Bd2 cxd3 $17) 9... Ne4 $11) 9. Bd2 {[#]} Bxc3 $146 (9... Qa5 $5 {[%cal Rd5f4]}) ({Predecessor:} 9... Nxc3 10. bxc3 Ba5 11. Nf3 Qb6 12. Bc4 Nc6 13. O-O Ne7 14. Rab1 Qc7 15. Ng5 h5 {1-0 (22) Gunasinghe,W (1920)-Prabajith,A (1848) Ambalangoda 2012}) 10. bxc3 Qh4+ 11. g3 Qe7 {[%cal Od5f4] White must now prevent ...Nxf4!} 12. Nf3 d6 ({Black should try} 12... Nb6 $14) 13. Rb1 Nb6 {[%cal Oc5c4] Strongly threatening ...c4!} 14. exd6 ({White should play} 14. O-O $16) 14... Qxd6 $14 {[%cal Oc5c4]} 15. O-O N8d7 {[%cal Oc5c4]} 16. c4 O-O 17. Bc3 f6 (17... Qc6 $14 {feels stronger.}) 18. Rbe1 $1 $16 {White is more active. White leaves nothing to chance now.} Rae8 (18... Rfe8 $16) 19. Ng5 $1 $18 g6 {[#]} (19... fxg5 $2 20. Qh5 h6 21. Qg6 $18) (19... h6 {keeps fighting.}) 20. Nxh7 $1 {[%cal Oe2g4][%mdl 512] And now Qg4! would win.} f5 {Inhibits Qg4.} (20... Qc6 21. Be4) 21. Nxf8 {Really sharp!} Kxf8 22. Qe3 Qc6 {[%csl Gb7][%cal Rc6g2] [#]} 23. Re2 {Prevents Qg2+.} Qh1+ 24. Kf2 Qxh2+ 25. Ke1 Qh3 26. Qg1 {Rh2 is the strong threat.} e5 $2 (26... Qh7 27. Rh2 Qf7) 27. fxe5 {[%cal Bf4e5,Be5e6][%mdl 32]} Qg4 28. e6 Na4 29. exd7 {[%csl Ge2][%cal Rd7e8]} Rd8 {[#]} 30. Qe3 $1 Be4 31. Bxe4 Nxc3 32. Qxc3 Rxd7 33. Qh8+ Kf7 34. Bd5+ Rxd5 35. Qe8+ Kg7 36. Qe7+ Kg8 37. Qe8+ Kg7 38. Re7+ {White mates.} Kf6 39. Rf7+ Kg5 40. Qe7+ Kh6 41. Rh7# {Weighted Error Value: White=0.10 (very precise) /Black=0.64} 1-0

[Event "MPL 35th National U-20 Girls Chess-ch 20"]
[Site "Haryana"]
[Date "2022.03.10"]
[Round "4.3"]
[White "Poorna Sri M.K"]
[Black "Rindhiya V"]
[Result "1-0"]
[WhiteElo "1763"]
[BlackElo "1949"]
[Annotator "TA"]
[PlyCount "125"]
[EventDate "2022.03.09"]
[EventCountry "IND"]
[SourceTitle "playchess.com"]
[Source "ChessBase"]
[SourceQuality "1"]

{[%evp 22,125,34,25,72,-17,-14,-23,-23,-14,-17,-23,-20,-30,-23,-20,-22,-14,-6,-8,-8,-13,65,62,60,60,117,107,130,109,198,198,197,198,196,183,169,181,312,310,431,415,480,393,406,294,291,261,247,266,272,272,272,261,266,260,290,298,291,287,581,581,570,554,550,538,540,540,521,529,502,491,802,754,1588,1493,3712,2235,6529,7376,29975,29976,29977,29978,29978,29979,29979,29978,29978,29979,29978,29979,29981,29982,29982,29983,29985,29986,29987,29988,29988,29989,29989,29990,29990,29991]} 1. e4 e5 2. Nf3 Nc6 3. Bb5 a6 4. Ba4 Nf6 5. O-O Be7 6. Re1 b5 7. Bb3 O-O 8. h3 d6 9. c3 Na5 {[%cal Bc6a5,Ba5b7,Bb7c5][%mdl 32]} 10. Bc2 c5 11. d4 Qc7 12. d5 c4 {C97: Closed Ruy Lopez: Chigorin Defence: 11 d4 Qc7, sidelines.} (12... Nd7 $11 {is more appropriate.}) 13. a4 (13. Qe2 $16) 13... Bd7 $11 14. Nbd2 Nb7 {Black has an edge.} 15. Nf1 Nc5 16. axb5 axb5 17. Bg5 Rxa1 18. Qxa1 Qb7 19. Ng3 {[%cal Og3h5] [#]} h6 $146 ({Predecessor:} 19... Ra8 20. Qc1 g6 21. Qe3 Ra2 22. Nxe5 Rxb2 23. Nxd7 Qxd7 24. Re2 b4 25. cxb4 Na4 {1-0 (37) Rybansky,A (2109)-Andras,T (1980) Slovakia 2010}) 20. Be3 Rc8 21. Nd2 {[%cal Bf3d2,Bd2f1,Bf1e3][%mdl 32]} g5 ({Black should try} 21... Ra8 $11 22. Qd1 Bd8) 22. Bxc5 Rxc5 23. Ndf1 b4 {[#] Black is on the road to losing.} ({Better is} 23... Rc8 $14) 24. Ne3 $1 $16 Bf8 {[#]} 25. Bd1 $1 b3 (25... bxc3 $16 26. bxc3 Rc8) 26. Be2 $18 Qc7 27. Qa6 Bc8 28. Qa4 Bd7 29. Qb4 Bb5 (29... Qa5 {is a better defense.} 30. Qxa5 (30. Bxc4 Qxb4 31. cxb4 Rc8 $18) 30... Rxa5 31. Bxc4 (31. Nxc4 Ra2 $16) 31... h5) 30. Ra1 {[%cal Be1a1,Ba1a5,Ba5b5][%mdl 32]} Nd7 31. Ra5 Qb6 32. Bg4 {Hoping for Bxd7.} Nf6 33. Bf5 {Threatens to win with Ng4.} h5 {[#]} 34. Nxc4 $1 {[%mdl 512]} Rxc4 35. Qxb5 Qxb5 36. Rxb5 h4 37. Nf1 Nxe4 38. Ne3 (38. Rxb3 Nf6 39. Ne3 Rc5 $18) 38... Ra4 39. Bxe4 ({Worse is} 39. Rxb3 Ra1+ 40. Kh2 Nxf2 $11) 39... Rxe4 40. Rb4 {Inhibits Ra4.} ({Don't do} 40. Rxb3 f5 41. Nxf5 Re1+ 42. Kh2 Re2) 40... Rxb4 (40... Rf4 41. Rxb3 f5) 41. cxb4 {[%mdl 4096] Endgame And now Nf5 would win. KB-KN} Be7 42. b5 Bd8 43. Nc4 Kf8 44. b6 Ke7 45. b7 Bc7 46. Na5 Kd7 (46... Kf6 $142 47. Nc6 (47. Nxb3 e4 $18) 47... Kf5) 47. Nc6 f5 48. g3 hxg3 49. fxg3 f4 50. h4 gxh4 51. gxh4 {White mates.} Ke8 52. b8=Q+ Bxb8 53. Nxb8 {KN-KP} Kf7 54. Nc6 Kf6 55. Na5 e4 56. Nxb3 {KN-K3P} e3 57. Nc1 f3 58. b4 {[%cal Bb2b4,Bb4b5,Bb5b6][%mdl 32]} Kf5 59. b5 Kg4 60. b6 Kg3 61. Kf1 e2+ {[#]} 62. Nxe2+ $1 fxe2+ (62... Kxh4 63. Nc3) 63. Kxe2 {Weighted Error Value: White=0.09 (flawless) /Black=0.44} 1-0

[Event "MPL 35th National U-20 Girls Chess-ch 20"]
[Site "Haryana"]
[Date "2022.03.10"]
[Round "4.4"]
[White "Divyabharathi Masanam"]
[Black "Velpula Sarayu"]
[Result "1-0"]
[WhiteElo "1711"]
[BlackElo "1875"]
[Annotator "NA RC"]
[PlyCount "95"]
[EventDate "2022.03.09"]
[EventCountry "IND"]
[SourceTitle "playchess.com"]
[Source "ChessBase"]
[SourceQuality "1"]
[TimeControl "5400+30"]

{[%evp 13,62,18,27,35,15,12,2,23,24,12,16,22,5,14,32,21,52,47,72,52,66,72,79,32767,32767,85,117,122,129,110,32767,32767,32767,32767,27,54,88,82,66,0,33,41,122,89,84,29,150,152,367,372,339]} 1. e4 {[%emt 0:00:34]} c5 {[%emt 0:02:17]} 2. Nf3 {[%emt 0:00:39]} g6 {[%emt 0:00:14]} 3. d4 {[%emt 0:00:43]} cxd4 {[%emt 0:00:06]} 4. Nxd4 {[%emt 0:00:40]} Nc6 {[%emt 0:00:08]} 5. Nc3 {[%emt 0:00:27]} Bg7 {[%emt 0:00:11]} 6. Be3 {[%emt 0:00:53]} Nf6 {[%emt 0:00:22]} 7. Bc4 {[%emt 0:01:00]} O-O {[%emt 0:00:33]} 8. Bb3 {[%emt 0:01:01]} Re8 {[%emt 0:00:25]} 9. f3 {[%emt 0:02:59]} e6 {[%emt 0:00:57]} 10. Qd3 {[%emt 0:10:26]} d5 {[%emt 0:04:16]} 11. O-O-O {[%emt 0:02:21]} Nxd4 {[%emt 0:20:45]} 12. Bxd4 {[%emt 0:00:10]} e5 {[%emt 0:02:14]} 13. Bf2 {[%emt 0:00:43]} d4 $1 {[%emt 0:00:15]} ({Much less strong is} 13... Bh6+ 14. Kb1 $14) 14. Kb1 {[%emt 0:03:47]} ({Much weaker is} 14. Qc4 Qe7 15. Nb5 Bd7 $17) 14... Qc7 {[%emt 0:04:52]} (14... Qe7 $11 {is more appropriate.} 15. Ne2 Nd7) 15. Ne2 {[%emt 0:04:09]} Be6 {[%emt 0:02:36]} (15... Nd7 $11) 16. Bxe6 {[%emt 0:06:49]} Rxe6 {[%emt 0:00:07]} 17. c3 {[%emt 0:00:05]} dxc3 $1 {[%emt 0:13:15]} 18. Nxc3 {[%emt 0:00:10]} Bf8 {[%emt 0:04:11]} 19. Bh4 {[%emt 0:10:16]} Nh5 {[%emt 0:05:07]} ({Black should play} 19... Qa5 $14) 20. Nd5 {[%emt 0:01:34]} Qa5 {[%emt 0:01:33]} 21. Be1 {[%emt 0:03:24]} Qa4 {[%emt 0:03:44]} 22. Qc2 {[%emt 0:02:09]} Qxc2+ {[%emt 0:01:46]} 23. Kxc2 {[%emt 0:00:05]} Rc8+ {[%emt 0:03:40]} 24. Bc3 {[%emt 0:01:19]} Nf4 {[%emt 0:01:30]} (24... Bd6 $14) 25. Nxf4 {[%emt 0:04:32]} exf4 {[%emt 0:00:05] [#]} 26. Kb1 {[%emt 0:01:28]} (26. Rd7 $1 $16) 26... Rb6 {[%emt 0:12:00]} 27. Bd4 {[%emt 0:02:01]} Rb4 {[%emt 0:01:54]} ({Black should try} 27... Bc5 $14) 28. Rd2 {[%emt 0:06:48]} a5 {[%emt 0:01:17]} 29. Rhd1 {[%emt 0:03:11]} (29. Be5 $16) 29... Rb5 {[%emt 0:00:51]} ({Black should play} 29... Bg7 $1 $14) 30. Bf6 {[%emt 0:01:12]} Rc6 $2 {[%emt 0:03:45]} (30... Rb6 $16) 31. e5 {[%emt 0:04:06]} Re6 $18 {[%emt 0:04:51]} 32. Rd8 {[%emt 0:00:48]} Rbxe5 {[%emt 0:00:48]} 33. Bxe5 {[%emt 0:01:01]} Rxe5 {[%emt 0:00:03]} 34. R8d5 {[%emt 0:00:25]} Re2 {[%emt 0:00:15]} 35. R1d2 {[%emt 0:00:07]} Re1+ {[%emt 0:00:07]} 36. Rd1 {[%emt 0:00:26]} Re2 {[%emt 0:00:04]} 37. R5d2 {[%emt 0:00:07]} Re6 {[%emt 0:00:22]} 38. a3 {[%emt 0:00:32]} Bc5 {[%emt 0:00:25]} 39. Kc2 {[%emt 0:01:11]} Rc6 {[%emt 0:00:20]} 40. Kb3 {[%emt 0:01:01]} Re6 {[%emt 0:00:13]} 41. Kc4 {[%emt 0:01:04]} Be3 {[%emt 0:00:07]} 42. Rd6 {[%emt 0:00:49]} Rxd6 {[%emt 0:01:19]} 43. Rxd6 {[%emt 0:00:30]} h5 {[%emt 0:00:30]} 44. b3 {[%emt 0:00:30]} Kg7 {[%emt 0:00:30]} 45. Kb5 {[%emt 0:00:30]} b6 46. Rxb6 {[%emt 0:01:25]} Bxb6 {[%emt 0:00:00]} 47. Kxb6 {[%emt 0:00:04]} g5 {[%emt 0:00:00]} 48. Kxa5 {[%emt 0:00:06]} 1-0

[Event "MPL 35th National U-20 Girls Chess-ch 20"]
[Site "Haryana"]
[Date "2022.03.10"]
[Round "4.5"]
[White "Kriti Mayur Patel"]
[Black "Arushi Kotwal"]
[Result "1/2-1/2"]
[WhiteElo "1440"]
[BlackElo "1854"]
[Annotator "NA RC"]
[PlyCount "63"]
[EventDate "2022.03.09"]
[EventCountry "IND"]
[SourceTitle "playchess.com"]
[Source "ChessBase"]
[SourceQuality "1"]
[TimeControl "5400+30"]

{[%evp 18,63,23,17,18,0,57,-13,32767,32767,32767,32767,0,-20,25,0,31,28,32767,32767,32767,32767,32767,32767,0,17,16,11,3,0,25,14,61,32767,32767,32767,32767,32767,77,73,112,32767,32767,32767,32767,32767,32767,3]} 1. e4 {[%emt 0:00:05]} e6 {[%emt 0:00:04]} 2. d4 {[%emt 0:00:04]} d5 {[%emt 0:00:03]} 3. Nc3 {[%emt 0:00:05]} Nf6 {[%emt 0:00:06]} 4. e5 {[%emt 0:00:05]} Nfd7 {[%emt 0:00:03]} 5. f4 {[%emt 0:00:16]} c5 {[%emt 0:00:06]} 6. Nf3 {[%emt 0:00:28]} Nc6 {[%emt 0:00:06]} 7. Be3 {[%emt 0:00:15]} cxd4 {[%emt 0:00:05]} 8. Nxd4 {[%emt 0:01:44]} Bc5 {[%emt 0:00:21]} 9. Qd2 {[%emt 0:01:34]} Nxd4 {[%emt 0:03:30]} 10. Bxd4 {[%emt 0:00:09]} a6 {[%emt 0:00:26]} 11. O-O-O {[%emt 0:01:58]} b5 {[%emt 0:00:44] [#]} ({Better is} 11... O-O $11) 12. Bxc5 {[%emt 0:05:08]} (12. Ne4 $1 $16 {[%cal Re4c5]} Be7 (12... dxe4 13. Bxc5) 13. Nd6+ Bxd6 14. exd6) 12... Nxc5 {[%emt 0:00:14]} 13. Qd4 {[%emt 0:01:49]} Qc7 {[%emt 0:01:28]} 14. g4 {[%emt 0:03:40]} Bb7 {[%emt 0:01:58]} 15. Bg2 {[%emt 0:04:42]} (15. h4 $142) 15... Nd7 {[%emt 0:02:07]} (15... Rb8 $15) 16. Rhe1 {[%emt 0:04:42]} Qc5 {[%emt 0:02:22]} 17. Qxc5 Nxc5 {[%emt 0:00:06]} 18. Ne2 {[%emt 0:10:01]} h5 {[%emt 0:02:05]} 19. h3 {[%emt 0:03:48]} hxg4 {[%emt 0:02:41]} 20. hxg4 {[%emt 0:00:20]} g6 {[%emt 0:00:21]} 21. Rh1 {[%emt 0:02:36]} Ke7 22. Nd4 Rac8 {[%emt 0:03:48]} 23. Kb1 {[%emt 0:04:50]} Nd7 {[%emt 0:01:52]} 24. g5 {[%emt 0:06:57]} Nb6 {[%emt 0:06:44]} (24... b4 $1 $11) 25. Rxh8 {[%emt 0:10:43]} Rxh8 {[%emt 0:00:14]} 26. Rh1 {[%emt 0:00:12]} Rxh1+ {[%emt 0:00:15]} 27. Bxh1 {[%emt 0:00:04]} b4 {[%emt 0:04:36]} 28. b3 {[%emt 0:01:10]} Nd7 {[%emt 0:03:05]} ({Black should try} 28... Kd7) 29. Kb2 {[%emt 0:02:53]} Kd8 {[%emt 0:02:54]} 30. a3 {[%emt 0:01:07]} bxa3+ {[%emt 0:01:58]} 31. Kxa3 {[%emt 0:00:07]} Kc7 {[%emt 0:00:35]} 32. Bg2 $11 {[%emt 0:05:04]} 1/2-1/2

[Event "MPL 35th National U-20 Girls Chess-ch 20"]
[Site "Haryana"]
[Date "2022.03.10"]
[Round "4.6"]
[White "Bhagyashree Patil"]
[Black "Udagedara, Sandali Kanishka"]
[Result "1-0"]
[WhiteElo "1974"]
[BlackElo "1510"]
[Annotator "TA"]
[PlyCount "91"]
[EventDate "2022.03.09"]
[EventCountry "IND"]
[SourceTitle "playchess.com"]
[Source "ChessBase"]
[SourceQuality "1"]

{[%evp 9,91,-7,35,4,32,35,57,21,21,11,20,3,12,6,2,9,9,0,12,2,14,-1,0,-25,-14,0,11,0,42,43,38,41,84,93,100,83,95,91,93,96,158,18,62,61,133,129,120,0,-4,-6,0,-6,0,-166,-138,-94,-75,-215,-212,-205,-147,-147,129,138,635,635,580,552,883,821,870,854,963,938,996,1032,1165,789,1477,1600,29968,29939,6207,5732]} 1. e4 c6 2. d4 d5 3. exd5 cxd5 4. Bd3 Nc6 5. Nf3 Qc7 (5... Bg4 $11 {might be stronger.}) 6. c3 {B13: Caro-Kann: Exchange Variation and Panov-Botvinnik Attack.} g6 7. O-O Bf5 8. Re1 {White is slightly better.} Bxd3 9. Qxd3 Bg7 10. Bg5 Nf6 {[%cal Bg8f6,Bf6h5,Bh5f4][%mdl 32]} 11. Nbd2 O-O {[#]} 12. Rad1 $146 ({Predecessor:} 12. h3 h6 13. Bh4 Nh5 14. Nf1 e6 15. Qe3 Kh7 16. g4 Nf6 17. N1d2 b5 18. Bg3 {½-½ (30) Farrand,T (2145)-Hewitt,W (2003) England 2018}) 12... Rfe8 13. h3 h6 14. Be3 Rad8 15. b3 {[%cal Bb2b3,Bb3b4,Bb4b5][%mdl 32]} Nh5 16. c4 Nf4 17. Qc3 g5 18. c5 f5 (18... Ng6 $11) 19. b4 $14 {aiming for b5.} Ng6 $1 20. Nb3 f4 (20... a6 $14 {should be considered.}) 21. Bc1 $1 $16 e5 {And now ...e4 would win.} 22. b5 $1 Nxd4 23. Nbxd4 exd4 24. Nxd4 Kh7 (24... Re4 $142) 25. Ba3 (25. Qd3 $1 $16) 25... Re4 (25... f3 $1 $11) 26. f3 $14 Re5 (26... Bxd4+ $14 27. Rxd4 Rxe1+ 28. Qxe1 Qe5 29. Qxe5 Nxe5) 27. Rxe5 $16 Qxe5 28. Qd3 ({White should play} 28. Kf1 $1 $16) 28... Qe3+ $11 29. Qxe3 fxe3 30. Kf1 Nf4 31. Ne2 $2 (31. g3 $11 {and White stays safe.} Nh5 32. Nf5) 31... Ne6 32. Nc1 Bf8 33. Ke2 {[#]} (33. Nd3 $17) 33... d4 $1 $19 ({Not} 33... Bxc5 34. Bxc5 Nxc5 35. Kxe3 $11) ({Worse is} 33... Nxc5 34. Kxe3 d4+ 35. Kd2 $11 (35. Rxd4 $2 Rxd4 36. Kxd4 Ne6+ 37. Ke5 Bxa3 $19)) 34. Nd3 {[#]} b6 $1 35. cxb6 Bxa3 $2 {[%mdl 8192]} (35... axb6 $17 {and life is bright.} 36. Bxf8 Rxf8) 36. bxa7 $16 {Strongly threatening b6.} Nf4+ $2 {[%mdl 8192]} (36... Nc5 $16) 37. Nxf4 $18 gxf4 {[#]} 38. Rxd4 $1 {[%mdl 4608] Endgame KRB-KR} Rg8 (38... Rxd4 39. a8=Q) 39. Rxf4 Bc5 40. Rf7+ Kg6 41. Rc7 Bd4 42. b6 Kg5 43. g4 h5 44. Rc6 {Rd6 is the strong threat.} Bxb6 45. Rxb6 Ra8 46. h4+ {Weighted Error Value: White=0.32/Black=0.61} 1-0

[Event "MPL 35th National U-20 Girls Chess-ch 20"]
[Site "Haryana"]
[Date "2022.03.11"]
[Round "5.1"]
[White "Lakshmi C"]
[Black "Poorna Sri M.K"]
[Result "1-0"]
[WhiteElo "1968"]
[BlackElo "1763"]
[Annotator "TA"]
[PlyCount "117"]
[EventDate "2022.03.09"]
[EventCountry "IND"]
[SourceTitle "playchess.com"]
[Source "ChessBase"]
[SourceQuality "1"]

{[%evp 10,117,3,-21,24,25,18,23,19,0,19,0,18,34,158,160,201,166,308,316,452,441,440,443,457,446,457,447,447,447,446,435,423,377,489,410,558,558,558,546,556,552,550,537,518,460,472,476,569,477,515,515,641,630,542,522,618,601,693,693,693,693,664,650,678,677,756,754,739,695,746,732,1033,934,1026,1023,926,919,883,833,29963,29966,6789,6921,29965,5941,29976,29977,29977,29978,29978,29979,29979,29980,29981,29982,29982,29982,29982,29983,29983,29983,29984,29985,29985,29986,29987,29988,29988,29989]} 1. d4 Nf6 2. c4 g6 3. Nc3 d5 4. e3 Bg7 5. Nf3 O-O 6. h3 dxc4 {D94: Grünfeld: 4 Nf3 Bg7 5 e3.} (6... c5 $142) 7. Bxc4 $11 c5 8. O-O cxd4 {White has an edge.} 9. Nxd4 Qc7 10. Qe2 a6 {[#]} 11. e4 $146 ({Predecessor:} 11. a4 Nc6 12. Nxc6 Qxc6 13. e4 Be6 14. Bxe6 Qxe6 15. Bg5 Rad8 16. Rfd1 Rd7 17. Rxd7 Nxd7 {½-½ (53) Kienel,N (1884)-Voermans,A (1869) Bad Sooden-Allendorf 2014}) 11... Nh5 ({Black should try} 11... b5 $14 12. Bd5 Bb7 13. Bxb7 Qxb7) 12. Nd5 $16 {White is more active.} Qd6 (12... Qd8 $16) 13. Nf3 $18 {[#] Threatens to win with e5.} e6 (13... b5 $142) 14. e5 Bxe5 (14... Qd7 $142) 15. Qxe5 ({Stronger than} 15. Nxe5 exd5 16. Rd1 Nf6 $11) 15... Qxe5 16. Ne7+ ({Weaker is} 16. Nxe5 exd5 17. Bxd5 Nc6 $18) 16... Kg7 17. Nxe5 Nd7 {[%cal Bb8d7,Bd7c5,Bc5d3][%mdl 32]} 18. Ng4 Re8 19. Nxc8 Raxc8 20. Bb3 Nc5 21. Be3 {[%cal Bc1e3,Be3d4,Bd4c3][%mdl 32]} Nd3 22. Bd4+ e5 {[#]} 23. Nxe5 {[%mdl 512]} Nxe5 24. f4 Nxf4 25. Rxf4 f6 26. Raf1 Rc6 27. Bc3 b5 28. a4 Rd6 29. Kh1 g5 30. Rf5 Kg6 31. Bc2 {Rxf6+ would kill now.} Kg7 32. Re1 Rde6 33. Bxe5 Rxe5 34. Rexe5 fxe5 35. axb5 axb5 36. Rxg5+ {[%mdl 4096] Endgame KRB-KR} Kf6 37. Rg4 h5 38. Rb4 Rc8 39. Bd3 Rc5 40. Rxb5 Rc1+ 41. Kh2 Re1 42. Rb4 Re3 43. Be4 Kg5 44. Bf3 Re1 45. Re4 Rb1 46. Rxe5+ Kf4 47. Re2 (47. Re4+ $142 Kf5 48. Rb4 Rf1 49. h4 Rf2 50. Bxh5 Kf6 51. Bf3 Kg7 52. Kg3) 47... h4 48. Re4+ {White mates.} Kf5 49. b4 Kg5 50. Rg4+ Kf6 51. Rxh4 Rb2 52. Rg4 Kf5 53. h4 {[%cal Bh3h4,Bh4h5][%mdl 32]} Rd2 54. h5 Rd8 55. Rg7 Rb8 56. Rb7 Rh8 57. b5 {[%cal Bb4b5,Bb5b6][%mdl 32]} Kg5 58. b6 Rf8 59. Rc7 {White took control after the opening.  Weighted Error Value: White=0.15 (very precise) /Black=0.49} 1-0

[Event "MPL 35th National U-20 Girls Chess-ch 20"]
[Site "Haryana"]
[Date "2022.03.11"]
[Round "5.2"]
[White "Priyanka Nutakki"]
[Black "Divyabharathi Masanam"]
[Result "1-0"]
[WhiteElo "2301"]
[BlackElo "1711"]
[Annotator "TA"]
[PlyCount "89"]
[EventDate "2022.03.09"]
[EventCountry "IND"]
[SourceTitle "playchess.com"]
[Source "ChessBase"]
[SourceQuality "1"]

{[%evp 16,89,28,24,56,45,77,71,121,121,150,87,76,81,164,168,222,229,232,233,231,230,236,236,320,332,358,358,785,758,795,782,870,860,1002,996,993,992,966,957,1183,945,939,932,2166,1545,29980,29981,29981,29982,29982,29983,29984,29985,29985,29986,29986,29987,29987,29988,29988,29989,29989,29990,29994,29992,29992,29993,29994,29994,29997,29995,29995,29996,29997,29998]} 1. d4 d5 2. Nf3 Nf6 3. c4 e6 4. Nc3 Be7 5. Bf4 O-O 6. e3 b6 7. Bd3 Bb7 8. cxd5 exd5 9. O-O {[#]} Bd6 $146 {D37: Queen's Gambit Declined: 5 Bf4.} ({Predecessor:} 9... c5 10. Ne5 Nc6 11. Nxc6 Bxc6 12. Qf3 Qd7 13. Be5 Qg4 14. dxc5 Qxf3 15. gxf3 bxc5 16. Rac1 Nd7 17. Bg3 Bf6 18. b3 Ne5 19. Bxe5 Bxe5 {½-½ (66) Bazeev,G (2399)-Alekseev,E (2589) St Petersburg 2021}) 10. Ne5 Nbd7 11. Nb5 Ne8 (11... Bxe5 $142 12. dxe5 (12. Bxe5 Nxe5 13. dxe5 Nd7 $11) 12... Ne8) 12. Nxd6 $16 {White is much more active.} ({But not} 12. Qh5 $6 g6 13. Qh3 Bxe5 14. dxe5 (14. Bxe5 Nxe5 15. dxe5 c6 $11) 14... Nc5 $11) 12... Nxd6 {[#]} 13. Rc1 $40 {[%mdl 128] White attacks with force.} ({Don't do} 13. Qh5 $6 g6 14. Qh6 Qe7 $14) (13. Qc2 $142 $1) 13... Nxe5 14. Bxe5 f6 (14... g6 $16) 15. Bxd6 $18 ({Inferior is} 15. Qh5 g6 16. Bxg6 hxg6 17. Qxg6+ Kh8 $11) 15... Qxd6 (15... cxd6 $142 16. Rc3 g6) 16. Qc2 $1 {[%csl LRc7,LRh7]} g6 17. Qxc7 Qxc7 18. Rxc7 Rf7 19. Rfc1 {[#] aiming for Rxf7.} Raf8 20. Bb5 {Threatens to win with Bd7.} Rxc7 21. Rxc7 {[%mdl 4096] Endgame KRB-KRB} Rf7 $2 (21... Rb8 22. Bd7 Kh8) 22. Bd7 Rxd7 23. Rxd7 {KR-KB} Bc6 24. Rxa7 b5 25. Ra6 Be8 26. Rxf6 Kg7 27. Rd6 Bf7 28. Rb6 Be8 29. Rb7+ Kg8 30. e4 dxe4 31. d5 {White mates.} Kf8 32. d6 Bc6 33. Rc7 Bd5 34. Rc8+ Kf7 35. d7 Be6 36. d8=Q {[%csl Gc8][%cal Rd8f8]} Bxc8 37. Qxc8 Kf6 38. Qc6+ Kg7 39. Qxb5 Kh6 40. a4 g5 41. a5 Kh5 42. a6 h6 43. a7 e3 44. fxe3 Kh4 45. a8=Q {Weighted Error Value: White=0.10 (very precise) /Black=0.89} 1-0